Právne postavenie centrálnej banky po roku 1918
Vývoj centrálneho bankovníctva na území Slovenska.Právne postavenie centrálnej banky po roku1918. Bankový úrad ministerstva financií. Národná banka československá. Slovenská národná banka. Štátna banka československá. Štátna banka česko - slovenská. Národná banka Slovenska.
Gespeichert in:
| 1. Verfasser: | |
|---|---|
| Format: | Buchkapitel |
| Sprache: | Slowakisch |
| Schlagworte: | |
| Tags: |
Keine Tags, Fügen Sie das erste Tag hinzu!
|
MARC
| LEADER | 00000naa a2200000 4500 | ||
|---|---|---|---|
| 001 | 0126122 | ||
| 005 | 20231116090946.7 | ||
| 041 | 0 | |a slo | |
| 044 | |a SK | ||
| 245 | 1 | 0 | |a Právne postavenie centrálnej banky po roku 1918 |c Soňa Kubincová |
| 520 | |a Vývoj centrálneho bankovníctva na území Slovenska.Právne postavenie centrálnej banky po roku1918. Bankový úrad ministerstva financií. Národná banka československá. Slovenská národná banka. Štátna banka československá. Štátna banka česko - slovenská. Národná banka Slovenska. | ||
| 610 | 2 | 0 | |a bankovníctvo |
| 610 | 2 | 0 | |a banky centrálne |
| 610 | 2 | 0 | |a predpisy právne |
| 610 | 2 | 0 | |a dejiny |
| 610 | 2 | 0 | |a štruktúra organizačná |
| 610 | 2 | 0 | |a mena |
| 610 | 2 | 0 | |a styk platobný |
| 100 | 1 | |a Kubincová, Soňa | |